000 00775nam a2200217Ia 4500
008 100315s9999 xx 000 0 und d
020 _a0-7207-1345-5 
040 _cENGLISH 
082 _b8690 
_a030 
100 _a"Cook , Christopher, Barker, Mary "
245 _aPEARS Cyclopaedia - 1981-82
260 _aLondon 
_bPehlam Books  
_c1981 
365 _eRupees 
_d
_b0.00 
366 _f
505 _gJaya Nikhade 
530 _bDonated By RBI Library  
620 _a"Prominent People , Political Compendim, The World of Science, Gneral Information, Literary Companion, General Compendium, Intorduction to Architecture, Atlas of the World "
630 _aPEARS Cyclopaedia - 1981-82
730 _aPEARS Cyclopaedia - 1981-82
942 _cBOOK
999 _c483425
_d483422